Single Vowel Countries - One Minute Sprint! - Statistics

General Stats
  • This quiz has been taken 43 times
  • The average score is 7 of 19
Answer Stats
Countries % Correct
A Panama
59%
A Canada
56%
A Chad
56%
I Fiji
56%
O Kosovo
56%
A Japan
52%
O Togo
52%
E Greece
41%
O Morocco
41%
A Bahamas
37%
E Sweden
33%
O Comoros
30%
E Yemen
30%
A Madagascar
26%
A Malta
22%
A Qatar
22%
A Kazakhstan
15%
A Rwanda
15%
A Ghana
11%
No matching quizzes found
Score Distribution
Percent of People with Each Score
Percentile by Number Answered
Your Score History
You have not taken this quiz